000 00542nam a2200181Ia 4500
003 OSt
005 20260107143442.0
008 210210b1951 xxu||||| |||| 00| 0 eng d
040 _cAL
041 _aKannada
082 _a859/1333
100 _aMANI (T S)
_9159857
_dಮಣಿ (ಟಿಎಸ್)
245 _aManasvini mattu itara kategalu:
_bಮನಸ್ವಿನಿ ಮತ್ತು ಇತರ ಕತೆಗಳು
260 _aMaisuru
_bUsha Sahitya Male
_c1951
690 _aKannada Fiction
_9159858
906 _a022071
942 _2ddc
_cBK
999 _c146177
_d146177